000 00421nam a2200181Ia 4500
008 210210b1943 xxu||||| |||| 00| 0 eng d
041 _aeng
082 _a828/16
100 _aARONSON (A)
245 _aRabindranath through western eyes
260 _aAllahabad
_bKitabistan
_c1943
650 _awestern
650 _athrough
650 _aRabindranath
650 _aeyes
690 _aBiography
906 _a015864
999 _c135254
_d135254